000 00781nam a2200253 i 4500
001 bg
245 1 0 _aBiomass, biogas, heat, electric and mechanical energy /
_ced. by Adam Małecki ; transl. [Grzegorz Baranowski].
260 _aZielona Góra :
_bUniversity of Zielona Góra,
_c2006.
300 _a112 s. :
_bil. ;
_c24 cm.
504 _aBibliogr. przy pracach.
650 9 _aOdnawialne źródła energii
650 9 _aBiomasa
_xstosowanie
_xenergetyka
650 9 _aBiogaz
700 1 _aMałecki, Adam.
_eRed.
700 1 _aBaranowski, Grzegorz.
_eTł.
020 _a8388609130
040 _cBPK
041 0 _aeng
_hpol
044 _aPOL
080 _a620.92/.93:662.6/.7:502.17
920 _a83-88609-13-0
942 _cKS
008 s pl f |000 0 pol
999 _c55020
_d55020
856 _uhttp://koha.tu.koszalin.pl/cgi-bin/koha/opac-detail.pl?biblionumber=55020
_yKatalog online BPK